00594nam a2200193Ia 4500003000900000008004100009020001800050040001600068080002300084245010100107260003500208300001500243650002900258650001900287650002000306650002100326700002700347700002600374IN-BaIIA211028s9999 xx 000 0 eng d a0-12-029307-2 cIIA Library a047.1:539.1bADV-7 0aAdvances in nuclear science and technologybvol. 7cedited by Ernest Henley J and Jeffery Lewins aNew YorkbAcademic Pressc1973 axiv, 379p. aHigh energy interactions aNASA Thesaurus aNuclear physics aNuclear research aHenley, Ernest J., ed. aLewins, Jeffery., ed.